Planeación y control de la producción: administración de la cadena de suministros (Registro nro. 5183)

Detalles MARC
000 -Cabecera
Campo de control de longitud fija 01298aam a2200421 4500
005 - Fecha y hora de la última transacción
Campo de control 20251113112635.0
008 - Elementos de longitud fija--Información general
Campo de control de longitud fija 150507b xxu||||| |||| 00| 0 spa d
020 ## - International Standard Book Number
Número Internacional Estándar del Libro (ISBN) 9789701050668
041 ## - Idioma
Código de idioma Español
082 ## - Clasificación Decimal Dewey
Número de clasificación 658.503 V924p5
100 ## - Entrada principal--Autor personal
Nombre personal Vollman, Thomas
9 (RLIN) 35341
100 ## - Entrada principal--Autor personal
Nombre personal Berry, William
9 (RLIN) 35342
100 ## - Entrada principal--Autor personal
Nombre personal Whybark, Clay
9 (RLIN) 35343
100 ## - Entrada principal--Autor personal
Nombre personal Jacobs, Robert
245 ## - Título propiamente dicho
Título Planeación y control de la producción: administración de la cadena de suministros
250 ## - Edición
Mención de edición 5 edición
260 ## - Pie de imprenta
Lugar de publicación, distribución, etc. Méxco
260 ## - Pie de imprenta
Nombre del editor, distribuidor, etc. McGraw-Hill
260 ## - Pie de imprenta
Fecha de publicación, distribución, etc. 2005
300 ## - Descripción física
Extensión 755 páginas
490 ## - Serie
Título de la Serie Dirección y Administración de Empresas
490 ## - Serie
Título de la Serie Secretariado Ejecutivo
650 ## - Materia general
Temática (materia general) PLANIFICACIÓN GENERAL DE LA PRODUCCIÓN
650 ## - Materia general
Temática (materia general) PLANEACIÓN Y CONTROL DE LA MANUFACTURA
650 ## - Materia general
Temática (materia general) PLANEACIÓN DE LA PRODUCCIÓN
650 ## - Materia general
Temática (materia general) CONTROL DE LA PRODUCCIÓN
650 ## - Materia general
Temática (materia general) DEMANDA
650 ## - Materia general
Temática (materia general) PLANEACIÓN DE RECURSOS
650 ## - Materia general
Temática (materia general) LAS NUEVAS OBLIGACIONES ADMINISTRATIVAS
650 ## - Materia general
Temática (materia general) PLAN MAESTRO DE PRODUCCIÓN
650 ## - Materia general
Temática (materia general) MICROS
650 ## - Materia general
Temática (materia general) ADMINISTRACIÓN DE INVENTARIOS
650 ## - Materia general
Temática (materia general) DISTRIBUCIÓN
650 ## - Materia general
Temática (materia general) CONTROL DE ACTIVIDADES
650 ## - Materia general
Temática (materia general) CADENAS DE SUMINISTROS
650 ## - Materia general
Temática (materia general) PROGRAMACIÓN DE SECUENCIAS
942 ## - Punto de acceso adicional KOHA
Tipo de ítem KOHA Libro
Fuente del sistema de clasificación o colocación Dewey Decimal Classification
Existencias
Signatura completa Código de barras Programa Académico Tipo de ítem
658.503 V924p5 14170   Libro